000 01583nam a2200277 i 4500
001 69639
003 ES-MaACL
005 20250826111450.0
007 t|
008 040708s1939 mr ||||1| spa d
100 1 _aGarcía Figueras, Tomás.
_954615
245 1 0 _aDos expedientes de abastecimiento de Maragán, Tánger y Ceuta por factores portugueses del puerto de Santa María (1563-1567) /
_cpresentados por Tomás García Figueras e Hipólito Sancho Mayi.
260 _aTánger :
_b[Instituto General Franco],
_c1939 (
_eLarache :
_fArtes Gráficas Boscá)
300 _aVIII, 86 p., 1 map. pleg., [1] h. de lám. ;
_c25 cm.
490 1 _aPublicaciones del Instituto General Franco. Sección 3ª, Utilización de Archivos Españoles ;
_v1
490 1 _aDocumentos para el estudio del abastecimiento de las plazas portuguesas desde el sur de España
500 _aPrecede al tít.: Publicaciones del Instituto General Franco para la Investigación Hispano-Arabe.
650 4 _aAlimentos-
_xAbastecimiento-
_zMarruecos-
_vHistoria-
_vFuentes.
_9165988
651 4 _aMarruecos-
_xHistoria-
_y1516-1830.
_9165989
700 1 _aSancho, Hipólito,
_d1893-1964
_9103026
710 2 _aInstituto General Franco de Estudios e Investigación Hispano-Árabe.
_9149197
830 0 _aPublicaciones del Instituto General Franco. Sección 3ª, Utilización de Archivos Españoles ;
_v1
_9231002
830 0 _aDocumentos para el estudio del abastecimiento de las plazas portuguesas desde el sur de España
_9231003
852 _aES-MaACL
_j1759-F-22
_bR.19009
999 _c69639
_d69639